Revue priemyslu ľudia, manažment a hospodárstvo
Na minha lista:
| Formato: | Periódico |
|---|---|
| Idioma: | eslovaco |
| Publicado em: |
Bratislava
SON MEDIA
2018
|
| Tags: |
Sem tags, seja o primeiro a adicionar uma tag!
|
MARC
| LEADER | 00000nas2a2200000 4500 | ||
|---|---|---|---|
| 001 | 0241941 | ||
| 005 | 20230131075707.9 | ||
| 022 | |a 1336-9857 | ||
| 041 | 0 | |a slo | |
| 044 | |a SK | ||
| 245 | 1 | 0 | |a Revue priemyslu |b ľudia, manažment a hospodárstvo |
| 264 | 1 | |a Bratislava |b SON MEDIA |c 2018 | |
| 773 | 0 | |w eu_un_cat*0068111 | |
| 774 | 0 | |w eu_un_cat*0290723 | |